00528 2200181 4500001002100000005001500021035001900036007000300055008004100058020002100099082000700120084001300127100002000140245008900160260004800249300003700297990001200334INLIS00000000000141120240815010615$a 0010-0824000023ta240815 0 ind $a 978-623-88330-2-3$a 372$a 372 DES w$a Desiree Luhulima$a Wujudkan Anak Bahagia : $b Pra Pendidikan Dasar Metode Finlandia /$c Desiree Luhulima$a Banten :$b PT Literaloka Media Utama,$c 2023$a 170 hlm : $b ilus ; $c 16 x 24 cm$a 011/2024